00429pam a2200157a 44500008004100000020001800041082001800059100002100077245008100098250001200179260003000191300001100221502000900232906001100241999001900252230405s2022 xxu||||| |||| 00| 0 eng d a9789390619214 a610.7302bRAN aRandhir,Priyanka aTextbook of Health/Nursing Informatics & Technology for BSc Nursing Students a2nd Ed. aNew DelhibCBS Pub.c2022 a371 p. atext a004568 c252588d252588